000 01107nam a22003017a 4500
005 20110128102030.0
008 110128t xxu||||| |||| 00| 0 eng d
010 _aENG-101967
020 _a9780198068334
_c550.00
020 _a0198068336
_c550.00
035 _aEN-85500
037 _bDBAD/PUB
040 _adpl
_bEng
082 _a941.0823092
100 _aLambert-Hurley, Siobhan
_925664
245 _aAtiya's journeys :
_cby Siobhan Lambert-Hurley [and] Sunil Sharma
_ba Muslim woman from colonial Bombay to Edwardian Britain /
260 _aNew Delhi
_bOxford University Press
_c2010
270 _aYMCA Library Building, Jai Singh Road
_bNew Delhi
_e110001
300 _axv, 307 p. :
_c24cm (Hb)
_bill.
500 _aIncludes bibliographical references.and index
650 _925585
651 _9779
651 _925665
651 _925666
700 _925586
_aSharma, Sunil
942 _2ddc
_cEN
_h941.0823092
_mLAM
999 _c50154
_d50154